000 00813nac a22002051u 4500
010 _a012811479
082 _a621.101
_bL59
090 _c3400
_d3400
100 _aLewitt, E. H. (Ernest
245 _aThermodynamics applied to heat engines :
_bA textbook covering the syllabuses of the B.SC (Eng) and A.M.I.Mech.E examinations in the subject /
_cE. H. Lewitt.
250 _a4th. ed.
260 _aLondon:
_b Sir Isaac Pitman, C.1933.
_cC.1933.
300 _a758p.:
_bill,
_c22cm.
500 _aDonations .
500 _aDonations - Bibliotheca Alexandrina.
650 _aThermodynamics.
650 _aHeat-engines.
942 _cBB
_k621.101L59
999 _c3400
_d3400